000 00675nam a2200289Ia 4500
005 20260324133501.0
008 008 260324s9999 xx 000 0 eng d
020 _a9780429146015
037 _aEBOOK
040 _aCRL
040 _beng
040 _cCRL
041 _2eng
041 _aeng
084 _qCRL
100 _aA.S Alexandrov
_91193274
245 0 _aTheory of Superconductivity
245 0 _bFrom Weak to Strong Coupling
260 _bTaylor and Francis
260 _c2003
365 _a
365 _b465
856 _uhttp://www.taylorfrancis.com/books/9780429146015
942 _cEBOOK
999 _c1792341
_d1792341